| 000 | 00787nam a2200253 i 4500 | ||
|---|---|---|---|
| 001 | 4113101 | ||
| 003 | ARRUPE | ||
| 005 | 20131126135517.0 | ||
| 008 | 751028s1975 enk b 001 0 eng | ||
| 010 | _a 75327513 | ||
| 015 | _aGB75-16752 | ||
| 020 |
_a0334001765 : _c£0.80 |
||
| 040 |
_aDLC _cDLC _dDLC |
||
| 050 | 0 | 0 |
_aBX8.2 _b.M325 1975 |
| 100 | 1 |
_aMacquarrie, John. _93941 |
|
| 245 | 1 | 0 |
_aChristian unity and Christian diversity / _c[by] John Macquarrie. |
| 260 |
_aLondon : _bS.C.M. Press, _c1975. |
||
| 300 |
_a[9], 118 p. ; _c19 cm. |
||
| 504 | _aIncludes bibliographical references and index. | ||
| 650 | 0 |
_aChristian union. _93942 |
|
| 650 | 0 |
_aChristianity and other religions. _93943 |
|
| 906 |
_a7 _bcbc _corignew _d3 _encip _f19 _gy-gencatlg |
||
| 942 |
_2lcc _cMONOGRAPH |
||
| 999 |
_c118709 _d118709 |
||